| 000 | 00439nam a2200157Ia 4500 | ||
|---|---|---|---|
| 008 | 160316s2002 xxu||||| |||| 00| 0 eng d | ||
| 082 |
_a344.010000 _bREP |
||
| 100 | _a | ||
| 245 | _aReport of the national commission on labour 2002 - 1991 - 1967 | ||
| 250 | _a | ||
| 260 |
_aNew Delhi _bAcademic Foundation _c2002 |
||
| 300 |
_a341p _b _c |
||
| 365 | _bRs. 895 | ||
| 650 | _a1. National Labour Commission - Second Report | ||
| 700 |
_a _a |
||
| 999 |
_c27949 _d27949 |
||